000 00865nam a22003017a 4500
001 BR0303934
003 BR-BrBNA
005 20230928101348.0
007 ta
008 230509b bl.||||| |||| 00| 0 por d
040 _aBR-BrBNA
_bpor
_cBiblioteca Nacional de Agricultura
041 _a(Por)
072 _aS20; E12
090 _ S20 BR0303934
100 1 _aMarinho, D.N.C.(org.)
245 1 _aA social-democracia e a questão agrária brasileira; pobreza e desemprego: questões de uma sociedade injusta
260 3 _aSão Paulo, SP (Brasil):
_c1999.
300 _a189 p.
500 _aBibliography p. 179-185
650 _aPOBREZA RURAL
650 _aDESEMPREGO
650 _aFOME
650 _aREFORMA AGRÁRIA
650 _aPOLÍTICA GOVERNAMENTAL
650 _aSOCIOLOGIA ECONÔMICA
909 _a202309
_bLucia
_c55
_dLucia Elande
942 _cBK
999 _c65447
_d65447